000 00576nam a2200145Ia 4500
008 231129s2007||||xx |||||||||||||| ||spa||
020 _a978-958-8297-76-7
040 _bspa
082 _a355.64 L735r
100 _aLinares Pérez Luis Eduardo
245 0 _aRégimen pensional de la fuerza pública: Análisis constitucional legal y jurisprudencial consideración particular del Nivel Ejecutivo de la Policí­a Nacional
260 _c2007
264 _aGrupo Editorial Ibañez : Academí­a Colombiana de Abogací­a
942 _2ddc
_cBKS
999 _c23869
_d23869